000 01043nam a22003257a 4500
003 CHAP
005 20220329134717.0
008 971013s1979 r 00010 d
010 _a24588
011 _a25560
035 _a29660
040 _cCHAP
082 _a574.192
_bH35
100 0 0 _aHall, Tomothy C.
_eed.
_952353
245 _aNucleic acids in plants
260 _aBoca Raton, Fla. :
_bCRC Press,
_c1979
300 _a2 v.
590 _aBATCH-UPD
_b10
_c20130110
_lUCH01
_h1749
590 _aBATCH-UPD
_b10
_c20130410
_lUCH01
_h1127
590 _aBATCH-UPD
_b10
_c20130914
_lUCH01
_h1610
590 _aCONVERSION
_b10
_c20130109
_lUCH01
_h1314
650 1 4 _aAcido nucleico en plantas.
_9594
650 1 4 _aPlantas
_xEnfermedades por virus.
_988834
650 1 4 _aQuĂ­mica vegetal.
_993602
700 0 _aDavies, Jeffrey W.
_eed.
_931218
901 _aBK
942 _cLIBRO
949 _a574.192 H35
_bBC
_cLIBRO
_d33724000471769
_eLIBRO
_fv.1
_h62903
_i29660
_si
949 _a574.192 H35
_bBC
_cLIBRO
_d33724000471777
_eLIBRO
_fv.2
_h62904
_i29660
_si
999 _c24588
_d24588